Reglas y representaciones.

Saved in:
Bibliografiske detaljer
Hovedforfatter: Chomsky, Noam (autor)
Andre forfattere: Bastien, Stephen A. (traductor)
Format: Bog
Udgivet: México D.F., México: Fondo de Cultura Económica, 1983.
Udgivelse:Primera edición en español.
Serier:Lengua y estudios literarios.
Fag:
Tags: Tilføj Tag
Ingen Tags, Vær først til at tagge denne postø!

MARC

LEADER 00000nam a22000007a 4500
003 CL-VaPUC
005 20220822114554.0
008 220708t1983 ||||| |||| 00| 0 eng d
999 |c 436820  |d 436818 
020 |a 968-16-1402-X 
040 |c Pontificia Universidad Católica de Valparaíso 
082 7 |a 401.9 CHO 1983  |2 22 
100 1 |a Chomsky, Noam   |e autor  |9 320717 
245 |a Reglas y representaciones.  
250 |a Primera edición en español. 
260 |a México D.F., México:   |b Fondo de Cultura Económica,   |c 1983. 
300 |a 273 páginas.  
490 |a Lengua y estudios literarios. 
500 |a c.1 Donación Familia Prof. Alejandro Guzmán Brito. 
583 |c 20220708  |k Cristina María Rojas Aguilar 
650 0 |a Psicolingüística   |9 283371 
650 0 |a Gramática generativa  |9 872465 
650 0 |a Cognición   |9 270347 
700 |a Bastien, Stephen A.  |e traductor  |9 872464 
942 |2 ddc  |c BK  |n 0 
952 |0 0  |1 0  |2 ddc  |4 0  |6 401_900000000000000_CHO_1983  |7 0  |8 C_AGB  |9 584549  |a BIBDER  |b BIBDER  |d 2022-07-08  |e Donación   |i 5652600  |o 401.9 CHO 1983  |p 5652600  |r 2023-01-25  |t 1  |w 2022-07-08  |y BK_US  |k AGB